Estatísticas para Quiz do Belize

Clique aqui para jogar o quiz

Estatísticas Gerais

  • Esse quiz foi jogado 306 vezes
  • A pontuação média é 12 de 15

Estatísticas das Respostas

DicaResposta% Correto
Países fazendo fronteira
com o Belize
Guatemala
98%
Segunda língua mais faladaEspanhol
96%
Países fazendo fronteira
com o Belize
México
95%
Língua oficialInglês
93%
O Belize era uma colônia deste
país antes de 1981
Reino Unido
93%
Mar fazendo fronteira
com o Belize
Caribe
91%
Civilização antiga conhecida por
pirâmides, calendários e escrita
Maia
91%
Moeda oficial do BelizeDólar
84%
Fruta que corresponde por 15%
das exportações do Belize
Banana
80%
Maior cidadeCidade de {Belize}
80%
CapitalBelmopan
79%
Tipo de desastre natural ocorrido
em 1961, destruindo tantos prédios
que Belize mudou sua capital para
um novo local
Furacão/Ciclone
78%
Península onde o Belize estáIucatã
54%
Belize é o país com a sexta
maior taxa de ______
Homicídios
50%
Grande caverna subaquática que
é um destino popular de mergulho
Great {Blue} Hole
49%

Distribuição das Pontuações

Percentil de Números Respondidos

Porcentagem de Pessoas com Cada Pontuação

Sua Pontuação Histórica

Você não jogou esse quiz